Math for all seasons : (Record no. 5939)
[ view plain ]
| 000 -LEADER | |
|---|---|
| fixed length control field | 03218cam a2200349 a 4500 |
| 001 - CONTROL NUMBER | |
| control field | 5939 |
| 003 - CONTROL NUMBER IDENTIFIER | |
| control field | FISKH |
| 005 - DATE AND TIME OF LATEST TRANSACTION | |
| control field | 20250828152639.0 |
| 008 - FIXED-LENGTH DATA ELEMENTS--GENERAL INFORMATION | |
| fixed length control field | 000908s2002 nyua b 000 1 eng |
| 010 ## - LIBRARY OF CONGRESS CONTROL NUMBER | |
| LC control number | 00047029 |
| 020 ## - INTERNATIONAL STANDARD BOOK NUMBER | |
| International Standard Book Number | 0439210429 |
| 040 ## - CATALOGING SOURCE | |
| Original cataloging agency | DLC |
| Transcribing agency | DLC |
| Modifying agency | DLC |
| Language of cataloging | eng |
| 050 ## - LIBRARY OF CONGRESS CALL NUMBER | |
| Classification number | QA135 .T33 |
| 082 ## - DEWEY DECIMAL CLASSIFICATION NUMBER | |
| Classification number | 513 |
| 100 1# - MAIN ENTRY--PERSONAL NAME | |
| Personal name | Tang, Greg. |
| 245 10 - TITLE STATEMENT | |
| Title | Math for all seasons : |
| Remainder of title | mind-stretching math riddles / |
| Statement of responsibility, etc. | by Greg Tang ; illustrated by Harry Briggs. |
| 260 ## - PUBLICATION, DISTRIBUTION, ETC. | |
| Place of publication, distribution, etc. | New York : |
| Name of publisher, distributor, etc. | Scholastic, |
| Date of publication, distribution, etc. | 2002. |
| 300 ## - PHYSICAL DESCRIPTION | |
| Extent | 40 unnumbered pages : |
| Other physical details | color illustrations ; |
| Dimensions | 26 cm |
| 505 ## - FORMATTED CONTENTS NOTE | |
| Formatted contents note | M<br/> |
| 520 ## - SUMMARY, ETC. | |
| Summary, etc. | Greg Tang follows up the fun, innovative, New York Times bestseller GRAPES OF MATH with his second uproariously punny math book -- this time with a theme of seasons and a focus on groups of fives. Your challenge is to find the sum Without counting one by one Why not count? It's much too slow --Adding is the way to go! Make clever groups before you start --Then add them in a way that's smart! MATH FOR ALL SEASONS will challenge every kid -- and every parent -- to open their minds and solve problems in new and unexpected ways. By looking for patterns, symmetries, and familiar number combinations within eye-catching pictures, math will become easier, quicker, and more fun than anyone could have imagined! Greg Tang was tutoring math in his daughter's class when he noticed something interesting about the dominoes they were using. Each white dot had a pencil mark on it, which meant the children had been counting them one at a time. Mr. Tang taught them to look for patterns instead, and to add and subtract groups of dots in order to calculate the dominoes' value quickly. From there, he developed a new method of teaching arithmetic in a visual and spontaneous way. His method teaches both computational and problem-solving skills, and is so fun and challenging that children forget they are learning math! He believes that all kids are capable of doing well in math, and he has a mission to make math a natural part of every child's life. He has successfully taught his method to children from ages five to ten.Grapes of Math and Math for All Seasons are part of a series of books that will help children gain the range of skills needed for higher math. His books challenge and encourage children to use creativity and common sense to solve problems, rather than formulas and memorization. Greg Tang has an impressive mathematics background. He earned his B.A. and M.A. degrees in economics from Harvard, and he also holds an M.A. degree in Math Education from New York University. He has applied his problem-solving methods in building successful companies and products in a variety of industries. Greg Tang currently lives in Belmont, Massachusetts, with his family. |
| 521 8# - TARGET AUDIENCE NOTE | |
| Target audience note | 530<br/> |
| Source | Lexile estimate<br/> |
| 521 8# - TARGET AUDIENCE NOTE | |
| Target audience note | M<br/> |
| Source | Raz-Plus<br/> |
| 650 #0 - SUBJECT ADDED ENTRY--TOPICAL TERM | |
| Topical term or geographic name entry element | Counting |
| Form subdivision | Juvenile literature. |
| 650 #0 - SUBJECT ADDED ENTRY--TOPICAL TERM | |
| Topical term or geographic name entry element | Arithmetic |
| Form subdivision | Juvenile literature. |
| 650 #0 - SUBJECT ADDED ENTRY--TOPICAL TERM | |
| Topical term or geographic name entry element | Mathematics |
| General subdivision | Study and teaching (Elementary) |
| 650 #1 - SUBJECT ADDED ENTRY--TOPICAL TERM | |
| Topical term or geographic name entry element | Counting. |
| 650 #1 - SUBJECT ADDED ENTRY--TOPICAL TERM | |
| Topical term or geographic name entry element | Arithmetic. |
| 700 1# - ADDED ENTRY--PERSONAL NAME | |
| Personal name | Briggs, Harry |
| Relator term | Illustrator |
| 906 ## - LOCAL DATA ELEMENT F, LDF (RLIN) | |
| a | 7 |
| b | cbc |
| c | orignew |
| d | 1 |
| e | ocip |
| f | 20 |
| g | y-gencatlg |
| 942 ## - ADDED ENTRY ELEMENTS (KOHA) | |
| Source of classification or shelving scheme | Dewey Decimal Classification |
| Koha item type | Books |
| Suppress in OPAC | No |
| Withdrawn status | Lost status | Source of classification or shelving scheme | Damaged status | Not for loan | Collection | Home library | Current library | Shelving location | Date acquired | Total Checkouts | Full call number | Barcode | Date last seen | Price effective from | Koha item type | Copy number |
|---|---|---|---|---|---|---|---|---|---|---|---|---|---|---|---|---|
| Dewey Decimal Classification | Non-Fiction | Footprints International School Library Network Toul Kork Campus | Footprints International School Library Network Toul Kork Campus | TK Primary Library Room(4th Floor), Bookcase 3&4, Shelves 17-32, Yellow Books | 02/10/2025 | TAN 513 QA135 .T33 | FISBK05810 | 02/10/2025 | 02/10/2025 | Books | ||||||
| Dewey Decimal Classification | Non-Fiction | Footprints International School Library Network Toul Tom Poung Campus | Footprints International School Library Network Toul Tom Poung Campus | TTP Primary Yellow Bookshelves | 08/01/2025 | TAN 513 QA135 .T33 | FIS01886 | 08/01/2025 | 08/01/2025 | Books | 2 | |||||
| Dewey Decimal Classification | Non-Fiction | Footprints International School Library Network Toul Tom Poung Campus | Footprints International School Library Network Toul Tom Poung Campus | TTP Primary Yellow Bookshelves | 08/28/2025 | TAN 513 QA135 .T33 | FIS02759 | 08/28/2025 | 08/28/2025 | Books | 3 |
